Normal view
MARC view
- PHYSICAL EDUCATION AND TRAINING SPORTS PHYSICAL EDUCATION AND TRAINING-VOCATIONAL GUIDANCE SPORTS-VOCATIONAL GUIDANCE
Entry Topical Term
001 - CONTROL NUMBER
- control field: 80098
003 - CONTROL NUMBER IDENTIFIER
- control field: NUST
005 - DATE AND TIME OF LATEST TRANSACTION
- control field: 20210628210606.0
008 - FIXED-LENGTH DATA ELEMENTS
- fixed length control field: 210628|| aca||aabn | a|a d
040 ## - CATALOGING SOURCE
- Original cataloging agency: NUST
- Transcribing agency: NUST
150 ## - HEADING--TOPICAL TERM
- Topical term or geographic name entry element: PHYSICAL EDUCATION AND TRAINING SPORTS PHYSICAL EDUCATION AND TRAINING-VOCATIONAL GUIDANCE SPORTS-VOCATIONAL GUIDANCE
670 ## - SOURCE DATA FOUND
- Source citation: Work cat.: (NUST): Bucher, Charles.A Wuest, Deborah.A 80097, Foundations of physical education and sport, 1995
